| 000 | 00000nam 2200000zi 4500 |
| 001 | 9.922039 |
| 003 | CaOODSP |
| 005 | 20230428100109 |
| 006 | m o d f |
| 007 | cr bn||||||||| |
| 008 | 230428t19791979oncab ob f000 0 eng d |
| 020 | |a0662106717 |q(print) |
| 040 | |aCaOODSP|beng|erda|cCaOODSP |
| 041 | 0 |aeng|beng|bfre |
| 043 | |an-cn--- |
| 086 | 1 |aEn42-1/4-79-5E-PDF |
| 086 | 1 |aEn43-4/79-5 |
| 100 | 1 |aSchmidt, J. W., |eauthor. |
| 245 | 10|aAdvanced wastewater treatment technology in Canada (1979) / |cby J.W. Schmidt. |
| 264 | 1|a[Burlington, Ont.] : |bWastewater Technology Centre, Environmental Protection Service, Environment Canada, |c1979. |
| 264 | 4|c©1979 |
| 300 | |a1 online resource (vi, 57 pages) : |billustrations, map. |
| 336 | |atext|btxt|2rdacontent |
| 337 | |acomputer|bc|2rdamedia |
| 338 | |aonline resource|bcr|2rdacarrier |
| 490 | 1 |aEnvironmental Protection Service report series |
| 500 | |aIssued also in French under title: Techniques de traitement tertiaire des eaux usées au Canada (1979). |
| 500 | |a"Report no. EPS 4-WP-79-5." |
| 500 | |a"August 1979." |
| 500 | |aOn cover: Economic and technical review, report EPS 4-WP-79-5. |
| 500 | |aDigitized edition from print [produced by Environment and Climate Change Canada]. |
| 504 | |aIncludes bibliographical references (pages 53-57). |
| 546 | |aIncludes abstracts in English and French. |
| 650 | 0|aSewage|xPurification|zCanada. |
| 650 | 0|aSewage|xPurification|xPhosphate removal|zCanada. |
| 650 | 0|aSewage|xPurification|xNitrogen removal|zCanada. |
| 650 | 0|aSewage disposal|zCanada. |
| 650 | 0|aSewage disposal plants|zCanada|xEquipment and supplies. |
| 710 | 1 |aCanada. |bEnvironmental Protection Service, |eissuing body. |
| 710 | 2 |aWastewater Technology Centre (Canada), |eissuing body. |
| 710 | 1 |aCanada. |bWater Pollution Control Directorate, |eissuing body. |
| 830 | #0|aEnvironmental Protection Service report series.|w(CaOODSP)9.866031 |
| 856 | 40|qPDF|s2.01 MB|uhttps://publications.gc.ca/collections/collection_2023/eccc/en42/En42-1-4-79-5-eng.pdf |